000 01998nam a22002297a 4500
008 241223e20240729po |||||o|||| 00| 0 eng d
041 _aeng
110 _aRoyal Institution of Chartered Surveyors
245 _aJune 2024 RICS/Ci Portuguese Housing Market Survey
_h[Electronic resource]
260 _bRoyal Institution of Chartered Surveyors & Confidencial Imobilario
_c29 July 2024
300 _a5p
490 _aPortuguese Housing Market Survey
520 _aRICS, in partnership with Confidencial Imobiliario, produces the Portuguese Housing Market Survey, a sentiment survey that collects and analyses the opinions of professionals in agency and development about the prices, availability and demand of residential property in three areas of the country: Greater Lisbon, Greater Oporto and the Algarve. The latest iteration (June 2024) of the PHMS portrays a sales market in a somewhat downbeat state, with demand slipping from last month and promised sales remaining flat. Whilst current conditions appear subdued, respondents have cited cautious optimism on how the sales and lettings market may progress in the coming few months. Looking at buyer enquiries to begin with, the latest net balance reading came in at -12%, which marks a noteworthy dip into negative territory from last month’s figure of zero. Similarly, there was also a noticeable decline in the net balance for new instructions. This indicator, slipped further into the negative zone and stands at -23%, down by 18pp from May 2024’s reading.
650 _aHOUSING MARKET
650 _aRESIDENTIAL PROPERTY
651 _aPortugal
690 _aResidential property
_96266
710 _aRoyal Institution of Chartered Surveyors
710 _aConfidencial Imobiliário
856 _uhttps://www.rics.org/content/dam/ricsglobal/documents/market-surveys/rics-ci-portuguese-housing-market-survey/portuguese-housing-market-survey-june-2024.pdf
_zAvailable free on RICS.org
942 _n0
999 _c122080
_d122080